[Event "Irish New Year GM Norm Event 2022"]
[Site "Dublin IRL"]
[Date "2022.01.05"]
[Round "6.1"]
[White "Arkell, Keith"]
[Black "Fitzsimons, David"]
[Result "0-1"]
[WhiteTitle "GM"]
[BlackTitle "IM"]
[WhiteElo "2370"]
[BlackElo "2337"]
[BlackICU "2350"]
[BlackClub "Elm Mount"]
[WhiteNationality "ENG"]
[BlackNationality "IRL"]
[WhiteFideId "400270"]
[BlackFideId "2501961"]
[PlyCount "160"]
[EventDate "2022.01.02"]

{ Event information: <a
href="https://www.irlchess.com/irishnygm2022_allfiles/pairings_irishnygm2022.html">Tournament
report</a>. }

1. d4 d5 2. Nf3 Nf6 3. c4 c6 4. Qc2 g6 5. Bf4 dxc4 6. Qxc4 Be6 7. Qc1 Bg7
8. Bh6 Bxh6 9. Qxh6 Qb6 10. Qc1 Nbd7 11. Nbd2 c5 12. e3 O-O 13. Be2 Rac8
14. Qb1 Bg4 15. O-O cxd4 16. Nxd4 Bxe2 17. Nxe2 Rc7 18. Nc3 Rfc8 19. Nf3
Qa6 20. e4 Nb6 21. Rd1 Na4 22. Nxa4 Qxa4 23. e5 Nd7 24. b3 Qf4 25. e6 fxe6
26. Nd4 Nf8 27. g3 Qe5 28. Rd2 Rd7 29. Nf3 Qf6 30. Rxd7 Nxd7 31. Qd1 Rf8
32. Kg2 Nb6 33. Rc1 Nd5 34. Rc4 b5 35. Rc2 Nc3 36. Qd3 b4 37. a3 a5 38.
axb4 axb4 39. Rd2 e5 40. Qc4+ e6 41. Ne1 e4 42. Qd4 Qf5 43. Kg1 Qd5 44. Qe3
Qxb3 45. Rd7 Qa4 46. Ra7 Qd1 47. Kg2 Rf7 48. Rxf7 Kxf7 49. Qf4+ Ke7 50.
Qc7+ Qd7 51. Qe5 Nd5 52. Qxe4 Qb7 53. Kh3 b3 54. Qe5 Nf6 55. Nd3 Qd5 56.
Qc7+ Nd7 57. Qc3 Kf7 58. Nb2 Qf5+ 59. Kg2 Qc2 60. Qd4 Qc6+ 61. Kg1 e5 62.
Qd1 Qb5 63. Qd6 Nf6 64. Qc7+ Ke8 65. Nc4 Ne4 66. Nxe5 b2 67. Qf7+ Kd8 68.
Qf8+ Kc7 69. Qe7+ Kb6 70. Qd8+ Kc5 71. Nd3+ Kc4 72. Nxb2+ Qxb2 73. Qc7+ Kd3
74. Qd7+ Qd4 75. Qb5+ Kd2 76. Qa5+ Nc3 77. Qc7 Ke1 78. Qf7 Ne4 79. Kg2
Qxf2+ 80. Qxf2+ Nxf2 0-1

[Event "Irish New Year GM Norm Event 2022"]
[Site "Dublin IRL"]
[Date "2022.01.05"]
[Round "6.2"]
[White "Collins, Sam"]
[Black "Cafolla, Peter"]
[Result "1-0"]
[WhiteTitle "IM"]
[WhiteElo "2456"]
[BlackElo "1976"]
[WhiteICU "2439"]
[BlackICU "1911"]
[WhiteClub "Gonzaga"]
[BlackClub "Rathmines"]
[WhiteNationality "IRL"]
[BlackNationality "IRL"]
[WhiteFideId "2501198"]
[BlackFideId "2500884"]
[PlyCount "71"]
[EventDate "2022.01.02"]

{ Event information: <a
href="https://www.irlchess.com/irishnygm2022_allfiles/pairings_irishnygm2022.html">Tournament
report</a>. }

1. e4 c5 2. Nc3 a6 3. Nf3 b5 4. d4 cxd4 5. Nxd4 Bb7 6. Bd3 e6 7. O-O d6 8.
Re1 Nc6 9. Nxc6 Bxc6 10. a4 b4 11. Nd5 a5 12. c3 Nf6 13. Bg5 Be7 14. cxb4
exd5 15. Bxf6 gxf6 16. exd5 Bd7 17. b5 h5 18. Qf3 Kf8 19. Re3 Bg4 20. Qf4
f5 21. Rae1 Bg5 22. Re8+ Qxe8 23. Rxe8+ Rxe8 24. Qxg5 Re1+ 25. Bf1 Be2 26.
Qd8+ Kg7 27. Qg5+ Kf8 28. h4 Bxf1 29. Kh2 Rg8 30. Qd8+ Kg7 31. Qg5+ Kf8 32.
Qd8+ Kg7 33. Qxa5 Rge8 34. b6 Rb1 $4 (34... R1e7 $10) 35. b7 Kg8 36. Qa8
1-0

[Event "Irish New Year GM Norm Event 2022"]
[Site "Dublin IRL"]
[Date "2022.01.05"]
[Round "6.3"]
[White "O'Gorman, Tom"]
[Black "Gonzalez Garcia, Jose"]
[Result "1/2-1/2"]
[WhiteTitle "FM"]
[BlackTitle "GM"]
[WhiteElo "2350"]
[BlackElo "2466"]
[WhiteICU "2337"]
[WhiteNationality "IRL"]
[BlackNationality "ESP"]
[WhiteFideId "2508249"]
[BlackFideId "5101174"]
[PlyCount "159"]
[EventDate "2022.01.02"]
[BlackFullName "Garc&iacute;a Gonz&aacute;lez, Jos&eacute;"]

{ Event information: <a
href="https://www.irlchess.com/irishnygm2022_allfiles/pairings_irishnygm2022.html">Tournament
report</a>. }

1. e4 e6 2. d4 d5 3. Bd3 dxe4 4. Bxe4 Nf6 5. Bf3 c5 6. Ne2 Nc6 7. Be3 cxd4
8. Nxd4 Ne5 9. Nc3 a6 10. Qe2 Nxf3+ 11. Qxf3 e5 12. Nb3 Be7 13. Qg3 O-O 14.
Qxe5 Ng4 15. Qd4 Nxe3 16. fxe3 Bh4+ 17. g3 Bf6 18. Qxd8 Rxd8 19. Nd1 Bg4
20. c3 Bg5 21. Kf2 Rd3 22. h3 Be6 23. h4 Bh6 24. Re1 Re8 25. e4 g6 26. e5
Bd5 27. Ne3 Bxb3 28. axb3 Rd2+ 29. Kf1 Rxb2 30. Ng4 Kg7 31. Rad1 Bd2 32.
Nf6 Re6 33. Re4 Bxc3 34. Nd7 Re7 35. g4 Rh2 36. Rd3 Rxh4 37. Nf6 Bxe5 38.
Nd5 Re6 39. Rde3 Rh1+ 40. Kg2 Rh2+ 41. Kg1 Rd2 42. Rxe5 Rxd5 43. Rxe6 fxe6
44. Rxe6 { It's astonishing that this ends in a draw. } 44... Rb5 45. Re3
Rb4 46. Kf2 Rxg4 47. Re7+ Kh6 48. Rxb7 a5 49. Rb5 Rb4 50. Rxa5 Rxb3 51. Kg2
g5 52. Ra7 Kg6 53. Kh2 g4 54. Ra5 h5 55. Kg2 Rf3 56. Rb5 Rf5 57. Rb8 Kg5
58. Kg3 h4+ 59. Kg2 h3+ 60. Kg3 Rf3+ 61. Kh2 Rf2+ 62. Kg1 Re2 63. Ra8 Kf4
64. Ra7 Kf3 65. Rf7+ Kg3 66. Rf1 Ra2 67. Rb1 Kh4 68. Rb4 Rd2 69. Rf4 Rg2+
70. Kh1 Re2 71. Kg1 Kg5 72. Rf8 g3 73. Rg8+ Kf4 74. Rf8+ Ke3 75. Re8+ Kd2
76. Rd8+ Ke1 $4 { Any other move wins. } 77. Rd3 h2+ 78. Kh1 g2+ 79. Kxh2
Kf1 80. Rd1+ 1/2-1/2

[Event "Irish New Year GM Norm Event 2022"]
[Site "Dublin IRL"]
[Date "2022.01.05"]
[Round "6.4"]
[White "Stefansson, Vignir Vatnar"]
[Black "Murphy, Conor E."]
[Result "1-0"]
[WhiteTitle "IM"]
[BlackTitle "IM"]
[WhiteElo "2465"]
[BlackElo "2431"]
[BlackICU "2398"]
[BlackClub "Charlton ENG"]
[WhiteNationality "ISL"]
[BlackNationality "IRL"]
[WhiteFideId "2308649"]
[BlackFideId "421669"]
[PlyCount "113"]
[EventDate "2022.01.02"]
[WhiteFullName "Stef&aacute;nsson, Vignir Vatnar"]

{ Event information: <a
href="https://www.irlchess.com/irishnygm2022_allfiles/pairings_irishnygm2022.html">Tournament
report</a>. }

1. Nf3 d5 2. d4 Nf6 3. c4 e6 4. Nc3 Bb4 5. e3 O-O 6. Bd2 b6 7. Bd3 Ba6 8.
Qe2 c5 9. a3 cxd4 10. axb4 dxc3 11. Bxc3 Bxc4 12. Bxc4 dxc4 13. Qxc4 Qd5
14. Qh4 Nbd7 15. O-O e5 16. Rfd1 Qe6 17. Ng5 Qc6 18. Qh3 h6 19. Nf3 Rfe8
20. Qf5 g6 21. Qc2 Nd5 22. Qd3 Nxc3 23. Qxd7 Qxd7 24. Rxd7 Nb5 25. Rd5 e4
26. Rxb5 exf3 27. gxf3 Rec8 28. f4 Kg7 29. Kg2 Rc2 30. Ra2 Rd2 31. h4 Kf6
32. Kf3 h5 33. e4 Rd3+ 34. Kg2 Rb3 35. f3 Kg7 36. f5 Rd8 37. fxg6 Kxg6 38.
Rxa7 f6 39. Re7 Rxb2+ 40. Kg3 Rd1 41. Re6 Rg1+ 42. Kf4 Rh2 43. Rbxb6 Rxh4+
44. Ke3 Rhh1 45. Rxf6+ Kg7 46. Rfc6 h4 47. Rc7+ Kh8 48. Rh6+ Kg8 49. Rch7
Rb1 50. Rxh4 Rhe1+ 51. Kf4 Rxb4 52. Ra7 Rf1 53. Ra3 Kg7 54. Rh5 Rb2 55.
Ra7+ Kg6 56. Rg5+ Kf6 57. Rga5 1-0

[Event "Irish New Year GM Norm Event 2022"]
[Site "Dublin IRL"]
[Date "2022.01.05"]
[Round "6.5"]
[White "Kanyamarala, Tarun"]
[Black "Motwani, Paul"]
[Result "0-1"]
[WhiteTitle "FM"]
[BlackTitle "GM"]
[WhiteElo "2398"]
[BlackElo "2432"]
[WhiteICU "2325"]
[WhiteClub "Balbriggan"]
[WhiteNationality "IRL"]
[BlackNationality "SCO"]
[WhiteFideId "45004714"]
[BlackFideId "2400022"]
[PlyCount "118"]
[EventDate "2022.01.02"]

{ Event information: <a
href="https://www.irlchess.com/irishnygm2022_allfiles/pairings_irishnygm2022.html">Tournament
report</a>. }

1. d4 d5 2. c4 e6 3. Nc3 Nf6 4. Nf3 c5 5. cxd5 cxd4 6. Qa4+ Bd7 7. Qxd4
exd5 8. Bg5 Nc6 9. Qd2 Be6 10. e3 Be7 11. Bb5 O-O 12. O-O Qb6 13. Rfd1 Rfd8
14. Nd4 Nxd4 15. Qxd4 Qxd4 16. Rxd4 h6 17. Bh4 Bc5 18. Bxf6 gxf6 19. Rd3 d4
20. Ne4 Rac8 21. Nxc5 Rxc5 22. Ba4 Ra5 23. Bd1 Rxa2 24. Rxa2 Bxa2 25. exd4
Bd5 26. h3 Rd6 27. Kh2 a5 28. Kg3 Kf8 29. Bf3 Bc4 30. Rd2 b5 31. Kf4 Ke7
32. Rd1 a4 33. Ke3 Ra6 34. d5 Kd6 35. Kd4 a3 36. bxa3 Rxa3 37. Rd2 Ra4 38.
Ke3 Ke5 39. Rb2 Ra3+ 40. Kd2 Ra2 41. Rxa2 Bxa2 42. Be2 b4 43. Ke3 Kxd5 44.
Bh5 Kc5 45. Kd2 Kd4 46. Kc2 Bc4 47. Bg4 Bd5 48. g3 Be6 49. Bh5 f5 50. h4
Ke4 51. Kd2 Bc4 52. Bd1 f4 53. f3+ Ke5 54. g4 f6 55. h5 Kd4 56. Bc2 Bd5 57.
Bd1 b3 58. Be2 b2 59. Kc2 Ke3 0-1

[Event "Irish New Year GM Norm Event 2022"]
[Site "Dublin IRL"]
[Date "2022.01.05"]
[Round "7.1"]
[White "Motwani, Paul"]
[Black "Arkell, Keith"]
[Result "1/2-1/2"]
[WhiteTitle "GM"]
[BlackTitle "GM"]
[WhiteElo "2432"]
[BlackElo "2370"]
[WhiteNationality "SCO"]
[BlackNationality "ENG"]
[WhiteFideId "2400022"]
[BlackFideId "400270"]
[PlyCount "33"]
[EventDate "2022.01.02"]

{ Event information: <a
href="https://www.irlchess.com/irishnygm2022_allfiles/pairings_irishnygm2022.html">Tournament
report</a>. }

1. Nf3 d5 2. d4 Nf6 3. c4 c6 4. Nc3 g6 5. e3 Bg7 6. h3 O-O 7. Bd3 a6 8. O-O
b5 9. b3 Bf5 10. Bxf5 gxf5 11. Ne5 Qd6 12. a4 b4 13. Ne2 Ne4 14. f3 Nc3 15.
Nxc3 bxc3 16. Nd3 Nd7 17. Qc2 1/2-1/2

[Event "Irish New Year GM Norm Event 2022"]
[Site "Dublin IRL"]
[Date "2022.01.05"]
[Round "7.2"]
[White "Murphy, Conor E."]
[Black "Kanyamarala, Tarun"]
[Result "1-0"]
[WhiteTitle "IM"]
[BlackTitle "FM"]
[WhiteElo "2431"]
[BlackElo "2398"]
[WhiteICU "2398"]
[BlackICU "2325"]
[WhiteClub "Charlton ENG"]
[BlackClub "Balbriggan"]
[WhiteNationality "IRL"]
[BlackNationality "IRL"]
[WhiteFideId "421669"]
[BlackFideId "45004714"]
[PlyCount "79"]
[EventDate "2022.01.02"]

{ Event information: <a
href="https://www.irlchess.com/irishnygm2022_allfiles/pairings_irishnygm2022.html">Tournament
report</a>. }

1. e4 c5 2. Nf3 Nc6 3. Bb5 e6 4. O-O Nge7 5. c3 a6 6. Ba4 b5 7. Bc2 d5 8.
a4 Bb7 9. d4 cxd4 10. axb5 axb5 11. Rxa8 Bxa8 12. Na3 dxe4 13. Bxe4 g6 14.
Nxb5 Bg7 15. Nbxd4 Nxd4 16. Bxa8 Qxa8 17. Nxd4 O-O 18. Nf3 Rb8 19. Qd3 Nd5
20. h3 Qa4 21. Re1 Qb3 22. Nd2 Qb7 23. Ne4 Ra8 24. c4 Ne7 25. b3 Rb8 26.
Bg5 Nf5 27. Rb1 h6 28. Bf6 Qa7 29. Bxg7 Kxg7 30. c5 e5 31. Qd5 Qe7 32. b4
Rd8 33. Qc4 Rd4 34. Qe2 Qb7 35. Nd6 Qd5 36. Ne8+ Kf8 37. Nc7 Qe4 38. Qxe4
Rxe4 39. b5 Rc4 40. b6 1-0

[Event "Irish New Year GM Norm Event 2022"]
[Site "Dublin IRL"]
[Date "2022.01.05"]
[Round "7.5"]
[White "Fitzsimons, David"]
[Black "Collins, Sam"]
[Result "0-1"]
[WhiteTitle "IM"]
[BlackTitle "IM"]
[WhiteElo "2337"]
[BlackElo "2456"]
[WhiteICU "2350"]
[BlackICU "2439"]
[WhiteClub "Elm Mount"]
[BlackClub "Gonzaga"]
[WhiteNationality "IRL"]
[BlackNationality "IRL"]
[WhiteFideId "2501961"]
[BlackFideId "2501198"]
[PlyCount "78"]
[EventDate "2022.01.02"]

{ Event information: <a
href="https://www.irlchess.com/irishnygm2022_allfiles/pairings_irishnygm2022.html">Tournament
report</a>. }

1. e4 e5 2. Nf3 Nc6 3. Bc4 Bc5 4. c3 Nf6 5. d3 a6 6. O-O d6 7. a4 Ba7 8.
Re1 O-O 9. h3 h6 10. Nbd2 Re8 11. b4 Be6 12. Bxe6 Rxe6 13. Bb2 Qd7 14. Nf1
Rd8 15. Ng3 d5 16. b5 Ne7 17. exd5 Qxd5 18. c4 Qxd3 19. Nxe5 Qd2 20. Qe2
Qg5 21. Qf3 Rd2 22. Nd3 Bxf2+ 23. Nxf2 Rxb2 24. Rxe6 fxe6 25. Re1 Nf5 26.
Nxf5 exf5 27. Qxb7 Ne4 28. Qd5+ Kh7 29. Rf1 axb5 30. axb5 Ng3 31. Re1 Ne4
32. Rf1 Rd2 33. Qe5 Rc2 34. h4 Qg6 35. Qxc7 Nd2 36. Rd1 Nf3+ 37. Kf1 Nxh4
38. g3 Qh5 39. Qe5 Qf3 0-1

[Event "Irish New Year GM Norm Event 2022"]
[Site "Dublin IRL"]
[Date "2022.01.06"]
[Round "8.1"]
[White "Arkell, Keith"]
[Black "Collins, Sam"]
[Result "1/2-1/2"]
[WhiteTitle "GM"]
[BlackTitle "IM"]
[WhiteElo "2370"]
[BlackElo "2456"]
[BlackICU "2439"]
[BlackClub "Gonzaga"]
[WhiteNationality "ENG"]
[BlackNationality "IRL"]
[WhiteFideId "400270"]
[BlackFideId "2501198"]
[PlyCount "40"]
[EventDate "2022.01.02"]

{ Event information: <a
href="https://www.irlchess.com/irishnygm2022_allfiles/pairings_irishnygm2022.html">Tournament
report</a>. }

1. d4 Nf6 2. Nf3 g6 3. c4 Bg7 4. Nc3 O-O 5. g3 d6 6. Bg2 c5 7. dxc5 dxc5 8.
O-O Nc6 9. Bf4 Nh5 10. Be3 b6 11. Qc1 Bb7 12. Rd1 Qe8 13. Bh6 f6 14. Bxg7
Nxg7 15. Nd5 Rd8 16. Qc3 Qf7 17. e3 e6 18. Nf4 Qe7 19. h4 Rxd1+ 20. Rxd1
Rd8 1/2-1/2

[Event "Irish New Year GM Norm Event 2022"]
[Site "Dublin IRL"]
[Date "2022.01.06"]
[Round "8.2"]
[White "O'Gorman, Tom"]
[Black "Fitzsimons, David"]
[Result "1-0"]
[WhiteTitle "FM"]
[BlackTitle "IM"]
[WhiteElo "2350"]
[BlackElo "2337"]
[WhiteICU "2337"]
[BlackICU "2350"]
[BlackClub "Elm Mount"]
[WhiteNationality "IRL"]
[BlackNationality "IRL"]
[WhiteFideId "2508249"]
[BlackFideId "2501961"]
[PlyCount "109"]
[EventDate "2022.01.02"]

{ Event information: <a
href="https://www.irlchess.com/irishnygm2022_allfiles/pairings_irishnygm2022.html">Tournament
report</a>. }

1. d4 d5 2. c4 c6 3. cxd5 cxd5 4. Nc3 Nf6 5. Bf4 Nc6 6. e3 a6 7. Bd3 Bg4 8.
Nge2 e6 9. O-O Be7 10. Rc1 O-O 11. Na4 Nd7 12. a3 Rc8 13. b4 e5 14. dxe5
Ncxe5 15. Rxc8 Qxc8 16. h3 Bh5 17. g4 Nxd3 18. Qxd3 Bg6 19. Qxd5 Nf6 20.
Qe5 Qc4 21. Nac3 Re8 22. Qc7 Qb3 23. Rd1 h5 24. Qxb7 hxg4 25. hxg4 Nxg4 26.
Qxa6 Bh4 27. Rf1 Rd8 28. Bc7 Bd3 29. Qc6 Rf8 30. b5 Qb2 31. Qf3 Bxf2+ 32.
Rxf2 Nxf2 33. Kxf2 Bxe2 34. Nxe2 Qxb5 35. Qf4 Ra8 36. Bd6 Ra4 37. Nd4 Qb2+
38. Kg3 Rc4 39. Qe4 Qc1 40. Qe8+ Kh7 41. Qe4+ Kg8 42. Qe8+ Kh7 43. Nf3 f6
44. Qh5+ Kg8 45. Qd5+ Kh8 46. a4 Rc3 47. Bf4 Qa3 48. Qa8+ Kh7 49. Qe4+ Kg8
50. Nh4 Qa1 51. Nf5 Ra3 52. Bd6 Rxa4 53. Qe8+ Kh7 54. Qh5+ Kg8 55. Ne7+ 1-0

[Event "Irish New Year GM Norm Event 2022"]
[Site "Dublin IRL"]
[Date "2022.01.06"]
[Round "8.3"]
[White "Stefansson, Vignir Vatnar"]
[Black "Cafolla, Peter"]
[Result "1-0"]
[WhiteTitle "IM"]
[WhiteElo "2465"]
[BlackElo "1976"]
[BlackICU "1911"]
[BlackClub "Rathmines"]
[WhiteNationality "ISL"]
[BlackNationality "IRL"]
[WhiteFideId "2308649"]
[BlackFideId "2500884"]
[PlyCount "43"]
[EventDate "2022.01.02"]
[WhiteFullName "Stef&aacute;nsson, Vignir Vatnar"]

{ Event information: <a
href="https://www.irlchess.com/irishnygm2022_allfiles/pairings_irishnygm2022.html">Tournament
report</a>. }

1. d4 d5 2. c4 e6 3. Nf3 c5 4. cxd5 exd5 5. g3 Nc6 6. Bg2 Nf6 7. O-O Be7 8.
dxc5 Bxc5 9. a3 O-O 10. b4 Bb6 11. Nc3 Ne4 12. Nxd5 Bxf2+ 13. Rxf2 Nxf2 14.
Kxf2 Be6 15. Nc3 Qf6 16. Qc2 Bf5 17. Qb2 h6 18. Nb5 Qe7 19. Be3 Rfd8 20.
Rc1 Be4 21. Bc5 Qe6 22. Nc7 1-0

[Event "Irish New Year GM Norm Event 2022"]
[Site "Dublin IRL"]
[Date "2022.01.06"]
[Round "8.4"]
[White "Kanyamarala, Tarun"]
[Black "Gonzalez Garcia, Jose"]
[Result "0-1"]
[WhiteTitle "FM"]
[BlackTitle "GM"]
[WhiteElo "2398"]
[BlackElo "2466"]
[WhiteICU "2325"]
[WhiteClub "Balbriggan"]
[WhiteNationality "IRL"]
[BlackNationality "ESP"]
[WhiteFideId "45004714"]
[BlackFideId "5101174"]
[PlyCount "76"]
[EventDate "2022.01.02"]
[BlackFullName "Garc&iacute;a Gonz&aacute;lez, Jos&eacute;"]

{ Event information: <a
href="https://www.irlchess.com/irishnygm2022_allfiles/pairings_irishnygm2022.html">Tournament
report</a>. }

1. d4 Nf6 2. c4 e6 3. Nc3 Bb4 4. e3 O-O 5. Bd2 b6 6. Nf3 Bb7 7. Bd3 d5 8.
cxd5 exd5 9. O-O Nbd7 10. Qc2 a6 11. Ne5 Re8 12. f4 c5 13. a3 Bxc3 14. Bxc3
c4 15. Bf5 Nf8 16. Qe2 b5 17. Rf3 a5 18. Be1 Qb6 19. h4 Bc8 20. Bc2 Bg4 21.
Nxg4 Nxg4 22. Bf5 Nf6 23. h5 Nxh5 24. g4 Nf6 25. Rh3 g6 26. Bc2 Ne4 27. Kg2
f6 28. Bh4 Ra7 29. Rah1 Rae7 30. Be1 b4 31. b3 bxa3 32. bxc4 a2 33. Bh4 Qb2
34. cxd5 Rc7 35. Bd3 Qxe2+ 36. Bxe2 Rc2 37. Kf3 Nd2+ 38. Kf2 Nb1 0-1

[Event "Irish New Year GM Norm Event 2022"]
[Site "Dublin IRL"]
[Date "2022.01.06"]
[Round "9.1"]
[White "Murphy, Conor E."]
[Black "Arkell, Keith"]
[Result "1-0"]
[WhiteTitle "IM"]
[BlackTitle "GM"]
[WhiteElo "2431"]
[BlackElo "2370"]
[WhiteICU "2398"]
[WhiteClub "Charlton ENG"]
[WhiteNationality "IRL"]
[BlackNationality "ENG"]
[WhiteFideId "421669"]
[BlackFideId "400270"]
[PlyCount "83"]
[EventDate "2022.01.02"]

{ Event information: <a
href="https://www.irlchess.com/irishnygm2022_allfiles/pairings_irishnygm2022.html">Tournament
report</a>. }

1. e4 g6 2. d4 Bg7 3. Nf3 c6 4. h3 d6 5. Bc4 d5 6. Bb3 dxe4 7. Ng5 e6 8. c3
Nf6 9. Qe2 h6 10. Nxe4 Nxe4 11. Qxe4 Nd7 12. O-O Nf6 13. Qf3 O-O 14. Re1 a5
15. a4 Qb6 16. Nd2 Nd5 17. Ba2 Bd7 18. Nc4 Qc7 19. Ne5 Rad8 20. Ng4 h5 21.
Ne5 c5 22. Bxd5 exd5 23. Bf4 Qb6 24. Qxd5 Bxh3 25. Qxc5 Qxc5 26. dxc5 Be6
27. Nf3 Bd5 28. Bc7 Rc8 29. Bb6 Bf6 30. Ne5 Rfe8 31. Nd7 Bg7 32. Rxe8+ Rxe8
33. Bxa5 Re2 34. Nb6 Be6 35. c6 bxc6 36. Bb4 Be5 37. a5 Bb8 38. a6 Ba7 39.
Bc5 Re5 40. b4 Rg5 41. Na4 Bb8 42. Be3 1-0

[Event "Irish New Year GM Norm Event 2022"]
[Site "Dublin IRL"]
[Date "2022.01.06"]
[Round "9.2"]
[White "Gonzalez Garcia, Jose"]
[Black "Motwani, Paul"]
[Result "1/2-1/2"]
[WhiteTitle "GM"]
[BlackTitle "GM"]
[WhiteElo "2466"]
[BlackElo "2432"]
[WhiteNationality "ESP"]
[BlackNationality "SCO"]
[WhiteFideId "5101174"]
[BlackFideId "2400022"]
[PlyCount "31"]
[EventDate "2022.01.02"]
[WhiteFullName "Garc&iacute;a Gonz&aacute;lez, Jos&eacute;"]

{ Event information: <a
href="https://www.irlchess.com/irishnygm2022_allfiles/pairings_irishnygm2022.html">Tournament
report</a>. }

1. d4 e6 2. c4 b6 3. e4 Bb7 4. Bd3 Nc6 5. Ne2 Nb4 6. Nbc3 Nxd3+ 7. Qxd3 d6
8. O-O Qd7 9. f4 g6 10. f5 gxf5 11. exf5 O-O-O 12. d5 Ne7 13. Bg5 Rg8 14.
Bxe7 Qxe7 15. f6 Qd7 16. Qxh7 1/2-1/2

[Event "Irish New Year GM Norm Event 2022"]
[Site "Dublin IRL"]
[Date "2022.01.06"]
[Round "9.5"]
[White "Collins, Sam"]
[Black "O'Gorman, Tom"]
[Result "1-0"]
[WhiteTitle "IM"]
[BlackTitle "FM"]
[WhiteElo "2456"]
[BlackElo "2350"]
[WhiteICU "2439"]
[BlackICU "2337"]
[WhiteClub "Gonzaga"]
[WhiteNationality "IRL"]
[BlackNationality "IRL"]
[WhiteFideId "2501198"]
[BlackFideId "2508249"]
[PlyCount "145"]
[EventDate "2022.01.02"]

{ Event information: <a
href="https://www.irlchess.com/irishnygm2022_allfiles/pairings_irishnygm2022.html">Tournament
report</a>. }

1. e4 c5 2. c3 Nf6 3. e5 Nd5 4. Nf3 e6 5. d4 cxd4 6. cxd4 d6 7. Bc4 Be7 8.
O-O O-O 9. Qe2 Bd7 10. Nc3 Nxc3 11. bxc3 Bc6 12. Bf4 Qc7 13. Bd3 Nd7 14.
Rfe1 Bxf3 15. Qxf3 dxe5 16. dxe5 Rfd8 17. Rac1 Nf8 18. Be4 Rd7 19. Bg3 Rad8
20. h4 b6 21. h5 Bg5 22. Bf4 Bxf4 23. Qxf4 f5 24. Bc2 Qxc3 25. Bxf5 Qd2 26.
Qxd2 Rxd2 27. Bc2 Nd7 28. Kf1 h6 29. Re2 Nc5 30. Rxd2 Rxd2 31. Ke1 Rd5 32.
f4 Rd4 33. g3 Kf7 34. Rd1 Rc4 35. Kd2 Ke7 36. Re1 Kd7 37. Re3 Kc6 38. Rc3
Rd4+ 39. Ke3 Rd8 40. a4 Rc8 41. Be4+ Kd7 42. Bc2 Kc7 43. g4 Re8 44. Rc4 Kb7
45. Rd4 Ka6 46. Rd6 Ka5 47. Kd4 Kb4 48. f5 exf5 49. gxf5 Rc8 50. e6 Nxe6+
51. fxe6 Rxc2 52. Rd5 Rc8 53. Ke5 Kxa4 54. e7 Re8 55. Ke6 b5 56. Rd8 Rxe7+
57. Kxe7 b4 58. Kf7 b3 59. Kxg7 a5 60. Kxh6 b2 61. Rb8 Ka3 62. Kg5 a4 63.
h6 Ka2 64. Rxb2+ Kxb2 65. h7 a3 66. h8=Q+ Kb1 67. Qh1+ Kb2 68. Qg2+ Kb1 69.
Qf1+ Kb2 70. Qe2+ Kb1 71. Qe1+ Kb2 72. Qb4+ Ka2 73. Kf4 1-0